Habits: Plasticity, learning and freedom (Record no. 19267)
[ view plain ]
| 000 -LEADER | |
|---|---|
| fixed length control field | 00574nam a2200133Ia 4500 |
| 008 - FIXED-LENGTH DATA ELEMENTS--GENERAL INFORMATION | |
| fixed length control field | 220616s9999||||xx |||||||||||||| ||und|| |
| 022 ## - INTERNATIONAL STANDARD SERIAL NUMBER | |
| International Standard Serial Number | 16648714 |
| 100 ## - MAIN ENTRY--PERSONAL NAME | |
| Personal name | Jose Ignacio Murillo||Javier Bernacer||Jose Angel Lombo |
| 245 #0 - TITLE STATEMENT | |
| Title | Habits: Plasticity, learning and freedom |
| 546 ## - LANGUAGE NOTE | |
| Language note | English[eng] |
| 650 ## - SUBJECT ADDED ENTRY--TOPICAL TERM | |
| Topical term or geographic name entry element | Neuroscience||cognitive control||agency||habituation||motor routine||implicit learning||procedural learning||action||Basal Ganglia||Philosophy |
| 856 ## - ELECTRONIC LOCATION AND ACCESS | |
| Uniform Resource Identifier | <a href="http://journal.frontiersin.org/researchtopic/1889/habits-plasticity-learning-and-freedom">http://journal.frontiersin.org/researchtopic/1889/habits-plasticity-learning-and-freedom</a> |
| 942 ## - ADDED ENTRY ELEMENTS (KOHA) | |
| Koha item type | E-Books |
| Withdrawn status | Lost status | Damaged status | Not for loan | Home library | Current library | Date acquired | Total Checkouts | Date last seen | Price effective from | Koha item type |
|---|---|---|---|---|---|---|---|---|---|---|
| Kerala University of Digital Sciences, Innovation and Technology Knowledge Centre | Kerala University of Digital Sciences, Innovation and Technology Knowledge Centre | 16/06/2022 | 16/06/2022 | 16/06/2022 | E-Books |